00331 a2200121 4500001000700000020000600007040001100013100002400024240007300048245006800121362000900189440001100198164426 a  cMagnum aAlves, Nilda Et Al.10aO fazer e o pensar dos supervisores e orientadores educacionaislpor10aO fazer e o pensar dos supervisores e orientadores educacionais0 a1899 1aLoyola